| Tag |
First Indicator |
Second Indicator |
Subfields |
| LEADER |
00000cam a2200000 a 4500 |
| 001 |
in00004510013 |
| 005 |
20191204153418.0 |
| 008 |
080805s2009 ne a b 001 0 eng |
| 015 |
|
|
|a GBA898338
|2 bnb
|
| 016 |
7 |
|
|a 014691281
|2 Uk
|
| 020 |
|
|
|a 9780240521183 (hbk.)
|
| 020 |
|
|
|a 0240521188 (hbk.)
|
| 029 |
1 |
|
|a NLGGC
|b 315467878
|
| 035 |
|
|
|a (OCoLC)ocn243820615
|
| 035 |
|
|
|a (OCoLC)243820615
|
| 035 |
|
|
|z (UtOrBLW)48111
|
| 035 |
|
|
|a 68636
|
| 040 |
|
|
|a UKM
|c UKM
|d BWKUK
|d BWK
|d BWX
|d TMV
|d UtOrBLW
|
| 042 |
|
|
|a ukblcatcopy
|
| 049 |
|
|
|a TMVM
|c 1
|
| 050 |
|
4 |
|a QP701
|b .S85 2009
|
| 060 |
|
4 |
|a QP 701
|b S854c 2009
|
| 082 |
0 |
4 |
|a 547.78
|2 22
|
| 100 |
1 |
|
|a Stick, Robert V.
|
| 245 |
1 |
0 |
|a Carbohydrates :
|b the essential molecules of life /
|c Robert V. Stick, Spencer J. Williams.
|
| 250 |
|
|
|a Second edition.
|
| 264 |
|
1 |
|a Amsterdam ;
|a Boston :
|b Elsevier,
|c 2009.
|
| 300 |
|
|
|a xxi, 474 pages :
|b illustrations ;
|c 25 cm.
|
| 336 |
|
|
|a text
|2 rdacontent
|b txt
|
| 337 |
|
|
|a unmediated
|2 rdamedia
|
| 338 |
|
|
|a volume
|2 rdacarrier
|b nc
|
| 500 |
|
|
|a Previous edition: San Diego, Calif.; London: Academic, 2001.
|
| 504 |
|
|
|a Includes bibliographical references and index.
|
| 650 |
|
0 |
|a Carbohydrates.
|
| 650 |
|
2 |
|a Carbohydrates.
|
| 700 |
1 |
|
|a Williams, Spencer J.
|
| 999 |
|
|
|a MARS
|
| 999 |
f |
f |
|s bce0f3c8-8e51-3c92-a636-97e0c660666d
|i 29ed2606-c5ea-3c35-aa3a-d5d6ce350d53
|t 0
|
| 952 |
f |
f |
|p ric
|a Texas A&M University
|b Rellis Campus
|c Joint Library Facility
|d Remote Storage
|t 0
|e QP 701 S854c 2009
|h National Library of Medicine classification
|i unmediated -- volume
|m 323890206999H
|
| 998 |
f |
f |
|a QP 701 S854c 2009
|t 0
|l Remote Storage
|